【サドンデス】自民党にいたことがある政治家 - Statistics

General Stats
  • This quiz has been taken 527 times
  • The average score is 5 of 16
Answers on the Grid
Answers color-coded by a green-red scale on the quiz's grid according to % correct below.
鳩山由紀夫
前原誠司
原口一博
岡田克也
榛葉賀津也
海江田万里
野田佳彦
菅直人
江田憲司
玉木雄一郎
馬場伸幸
松井一郎
小沢一郎
神谷宗幣
河村たかし
下地幹郎
森田健作
枝野幸男
玄葉光一郎
松原仁
小池百合子
松沢成文
徳田虎雄
渡辺周
 
Answer Stats
Answer % Correct
鳩山由紀夫
62%
小池百合子
61%
小沢一郎
59%
神谷宗幣
39%
松井一郎
27%
岡田克也
25%
馬場伸幸
25%
河村たかし
25%
榛葉賀津也
23%
森田健作
21%
原口一博
19%
下地幹郎
17%
松原仁
17%
江田憲司
16%
玄葉光一郎
15%
徳田虎雄
15%
No matching quizzes found
Score Distribution
Percent of People with Each Score
Percentile by Number Answered
Your Score History
You have not taken this quiz